[Event "POL-chT 47th"]
[Site "Mikolajki"]
[Date "1991.09.??"]
[Round "4"]
[White "Jakubowski, Jaroslaw"]
[Black "Gawronski, Miroslaw"]
[Result "0-1"]
[WhiteElo "2265"]
[BlackElo "2245"]
[PlyCount "94"]
[EventDate "1991.09.20"]
[EventType "team-swiss"]
[EventRounds "9"]
[EventCountry "POL"]
[SourceTitle "EXT 2019"]
[Source "ChessBase"]
[SourceDate "2018.10.10"]
[SourceVersion "1"]
[SourceVersionDate "2018.10.10"]
[SourceQuality "1"]
[WhiteTeam "Bydgoszcz Chemik"]
[BlackTeam "Plock PTSz"]
[WhiteTeamCountry "POL"]
[BlackTeamCountry "POL"]

1. e4 c5 2. Nf3 d6 3. d4 cxd4 4. Nxd4 Nf6 5. Nc3 g6 6. Be2 Bg7 7. 0-0 Nc6 8. Be3 0-0 9. Nb3 a5 10. a4 Nb4 11. f4 Be6 12. Nd4 Rc8 13. Bf3 Bc4 14. Re1 Ba6 15. Qd2 Nd7 16. Kh1 Nb6 17. Bg1 Nc4 18. Qc1 e5 19. fxe5 Bxe5 20. Nd5 Nxd5 21. exd5 Qh4 22. c3 Rfe8 23. Re4 Qd8 24. Qc2 Qg5 25. b3 Nb6 26. Ree1 Bxd4 27. Bxd4 Nxd5 28. Qf2 Nf4 29. Qd2 Be2 30. Be3 Rxe3 31. Qxe3 Bxf3 32. Qxf3 Rc5 33. Re8+ Kg7 34. g3 Nh3 35. g4 Qh4 36. Rf1 f5 37. g5 Nxg5 38. Qxb7+ Kh6 39. Re3 Ne4 40. Qa6 Nf2+ 41. Rxf2 Qxf2 42. Rh3+ Kg7 43. Qb7+ Kf6 44. Rf3 Qe1+ 45. Kg2 Re5 46. Qb6 Qd2+ 47. Rf2 Qd5+ 0-1

[Event "POL-chT 47th"]
[Site "Mikolajki"]
[Date "1991.09.??"]
[Round "3"]
[White "Kaminski, Marcin"]
[Black "Jakubowski, Jaroslaw"]
[Result "1-0"]
[WhiteElo "2320"]
[BlackElo "2265"]
[PlyCount "79"]
[EventDate "1991.09.20"]
[EventType "team-swiss"]
[EventRounds "9"]
[EventCountry "POL"]
[SourceTitle "EXT 2019"]
[Source "ChessBase"]
[SourceDate "2018.10.10"]
[SourceVersion "1"]
[SourceVersionDate "2018.10.10"]
[SourceQuality "1"]
[WhiteTeam "Wroclaw Politechnika"]
[BlackTeam "Bydgoszcz Chemik"]
[WhiteTeamCountry "POL"]
[BlackTeamCountry "POL"]

1. e4 e5 2. Nf3 Nc6 3. Bb5 a6 4. Ba4 Nf6 5. 0-0 Be7 6. Re1 b5 7. Bb3 d6 8. c3 0-0 9. d4 Bg4 10. d5 Na5 11. Bc2 Nc4 12. h3 Bd7 13. a4 Nb6 14. a5 Nc8 15. Nbd2 c5 16. dxc6 Bxc6 17. Nf1 Re8 18. Ng3 g6 19. Bh6 Bf8 20. Qd2 Qe7 21. Bb3 Ra7 22. Bxf8 Qxf8 23. h4 h6 24. h5 g5 25. Nh2 Rd7 26. Qe3 Ne7 27. Qb6 Rb7 28. Qe3 Rd7 29. Rad1 Bb7 30. Rd3 Red8 31. Red1 Qg7 32. Qe2 Kh8 33. Rf3 g4 34. Rfd3 Kg8 35. f3 gxf3 36. Rxf3 d5 37. Rdf1 Rd6 38. exd5 Bxd5 39. Bxd5 Nfxd5 40. Ne4 1-0

[Event "POL-chT 47th"]
[Site "Mikolajki"]
[Date "1991.09.??"]
[Round "2"]
[White "Piesina, Gintautas"]
[Black "Jakubowski, Jaroslaw"]
[Result "0-1"]
[WhiteElo "2415"]
[BlackElo "2265"]
[PlyCount "76"]
[EventDate "1991.09.20"]
[EventType "team-swiss"]
[EventRounds "9"]
[EventCountry "POL"]
[SourceTitle "EXT 2019"]
[Source "ChessBase"]
[SourceDate "2018.10.10"]
[SourceVersion "1"]
[SourceVersionDate "2018.10.10"]
[SourceQuality "1"]
[WhiteTeam "Gryfow Slaski Hetman"]
[BlackTeam "Bydgoszcz Chemik"]
[WhiteTeamCountry "POL"]
[BlackTeamCountry "POL"]

1. d4 d5 2. c4 e6 3. Nf3 Nf6 4. Nc3 Be7 5. Bg5 h6 6. Bh4 0-0 7. e3 b6 8. Rc1 Bb7 9. Bd3 dxc4 10. Bxc4 Nbd7 11. 0-0 c5 12. Bg3 a6 13. a4 Nh5 14. Qe2 Nxg3 15. hxg3 cxd4 16. exd4 Nf6 17. Rfd1 Bb4 18. Ne5 Qe7 19. d5 exd5 20. Nxd5 Nxd5 21. Bxd5 Bxd5 22. Rxd5 Rad8 23. Rxd8 Rxd8 24. Qh5 Re8 25. Nc6 Qd6 26. Qf3 Bc5 27. Rd1 Qe6 28. b4 Bf8 29. Qd5 Qxd5 30. Rxd5 Re6 31. b5 axb5 32. axb5 Re1+ 33. Kh2 Bc5 34. f3 Rb1 35. Na7 g6 36. g4 Kg7 37. Kg3 Rb2 38. Rd7 g5 0-1